000 00581nam a2200181Ia 4500
003 GCL
008 140319s9999 xx 000 0 ara d
040 _aGCL /
_cGCL
082 0 4 _a811.9964
_bع ن
100 1 _aعبدالجليل ناظم
245 1 0 _aنقد الشعر فى المغرب العربى /
_cعبدالجليل ناظم
260 _a[S.N] :
_bدار توبقال للنشر ،
_c1992
300 _a163 ص
490 _aسلسلة المعرفة الادبية
_v0
650 0 4 _aالشعر العربى
650 0 4 _aالشعر المغربى
942 _2ddc
_cBK
999 _c38191
_d38191